Normal view
MARC view
- Healey Joseph F, Christopher Donoghue
Entry Personal Name
001 - CONTROL NUMBER
- control field: 6338
003 - CONTROL NUMBER IDENTIFIER
- control field: JO-AjAnu
005 - DATE AND TIME OF LATEST TRANSACTION
- control field: 20230606071328.0
008 - FIXED-LENGTH DATA ELEMENTS
- fixed length control field: 230606|| aca||aabn | a|a d
040 ## - CATALOGING SOURCE
- Original cataloging agency: JO-AjAnu
- Transcribing agency: JO-AjAnu
100 ## - HEADING--PERSONAL NAME
- Personal name: Healey Joseph F, Christopher Donoghue
670 ## - SOURCE DATA FOUND
- Source citation: Work cat.: (JO-AjAnu)3283: Healey Joseph F, Christopher Donoghue, author, Statistics: A Tool For Social Research & Date Analysis